00584nam a22001817a 450000500170000001000130001702000260003003500130005603700130006908200100008210000230009224500950011526000450021027000580025530000460031350000230035970000200038220230401141734.0 aEN-87505 a9788186772454c135.00 aEN-87505 bDBAD/Pub a372.1 aShiradhonkar,Kiran aunderstanding and developing ;bcreativity /cby Kiran Shiradhonkar [and] Vishala Patham : aNew DelhibNew Academic Publishersc2011 a4760-61, 23, Ansari Road,DaryaganjbNew Delhie110002 aiv,56p.bill. (Black & White)c23cm (pbk) aIncludes refrences aPatham,Vishala